| 000 | 00640nam a2200205 a 4500 | ||
|---|---|---|---|
| 001 | 000011580 | ||
| 005 | 20240530073912.0 | ||
| 008 | 091021s1978 dr 001 f spa d | ||
| 040 |
_aDO-SdBNP _bspa _cBNPHU |
||
| 082 |
_aRD863.44 _bM896n, 1978 |
||
| 100 | 1 |
_a Moscoso Puello, F. E., _q (Francisco Eujenio) _d1885-1959 _958361 |
|
| 245 | 1 | 0 |
_aNavarijo / _cF. E. Moscoso Puello. |
| 250 | _a2a ed. | ||
| 260 |
_aSanto Domingo : _bCosmos, _c1978. |
||
| 300 |
_a423 p. ; _c23 cm. |
||
| 590 | _aInventariado, 2020/BT | ||
| 650 | 0 |
_aNovela dominicana _9223 |
|
| 650 | 0 |
_aLiteratura dominicana. _967 |
|
| 910 | _aValidado. Control de calidad MFF | ||
| 999 |
_c11275 _d11275 |
||